[Event "AUTO-ELITE-1893"]
[Site "http://www.queenalice.com/game.php?id=1500064"]
[Date "2017.10.23"]
[Round "1"]
[White "Edson_Vieira"]
[Black "TigranPetrosian"]
[Result "0-1"]
[WhiteElo "2423"]
[BlackElo "2617"]

1. d4 Nf6 2. c4 e6 3. Nc3 Bb4 4. Nf3 c5 5. e3 O-O 6. Bd3 d5 7. O-O Nc6 8. a3 Ba5
9. cxd5 exd5 10. dxc5 Bxc3 11. bxc3 Bg4 12. c4 Ne5 13. cxd5 Bxf3 14. gxf3 Nxd5
15. Bb2 Nxe3 16. fxe3 Nxd3 17. Bd4 Nxc5 18. Qc2 Ne6 19. Rad1 Nxd4 20. exd4 Re8
21. d5 Qd6 22. Qd3 Re5 23. Rfe1 Rh5 24. Re2 Rd8 25. Rde1 Rf8 26. Rd1 g6 27. Qb3
Rd8 28. Red2 b6 29. Kh1 Re8 30. Rc2 Qf4 31. Qc3 Rhe5 32. Rf2 Re2 33. Rdf1 R8e3
34. Qc1 Qe5 35. Qc4 Rxf2 36. Rxf2 Re1+ 37. Kg2 Qg5+ 38. Qg4 Qc1 39. Kh3 Re5 40.
f4 Rxd5 41. Qf3 Ra5 42. Kg2 Rxa3 43. Qa8+ Kg7 44. Qe4 Qc3 45. Qe5+ Qxe5 46. fxe5
b5 47. Rd2 b4 48. Rd7 Kf8 49. e6 fxe6 50. Rxh7 a5 51. Rb7 b3 52. Kf3 a4 53. Kf4
Ra2 54. Rb4 Rxh2 55. Kg3 Rh1 56. Kg2 Rc1 57. Kf3 a3 58. Rxb3 a2 59. Ra3 a1=Q 60.
Rxa1 Rxa1 0-1

[Event "AUTO-ELITE-1893"]
[Site "http://www.queenalice.com/game.php?id=1500065"]
[Date "2017.10.23"]
[Round "1"]
[White "TigranPetrosian"]
[Black "Edson_Vieira"]
[Result "1-0"]
[WhiteElo "2623"]
[BlackElo "2419"]

1. e4 c5 2. Nf3 d6 3. d4 cxd4 4. Nxd4 Nf6 5. Nc3 e6 6. Bg5 Be7 7. Qd2 Nc6 8.
O-O-O O-O 9. f4 Nxd4 10. Qxd4 Qa5 11. Bc4 Bd7 12. e5 dxe5 13. fxe5 Bc6 14. Bd2
Nd7 15. Nd5 Qc5 16. Nxe7+ Qxe7 17. Rhe1 Qc5 18. Qf4 a5 19. Bd3 Bd5 20. Qh4 g6
21. Kb1 Rfc8 22. Rf1 Nxe5 23. Qf6 Nxd3 24. Qxf7+ Kh8 25. Bc3+ e5 26. Qf6+ Kg8
27. cxd3 Re8 28. Rde1 Ra6 29. Qg5 Qb5 30. Bxe5 Rae6 31. Qf4 Rxe5 32. Rxe5 Bxa2+
33. Kxa2 Qxe5 34. Qf7+ Kh8 35. Qxb7 Qe6+ 36. Qb3 Qxb3+ 37. Kxb3 Re2 38. d4 Rxg2
39. Kc3 Rxh2 40. d5 Rh3+ 41. Kc4 Rh4+ 42. Kc5 Rh2 43. d6 Rc2+ 44. Kd5 Rd2+ 45.
Ke6 Re2+ 46. Kf7 Rd2 47. Re1 h5 48. Ke7 Rxb2 49. d7 Rd2 50. d8=Q+ Rxd8 51. Kxd8
Kg7 52. Ke7 g5 53. Kd6 Kf6 54. Rf1+ Kg6 55. Ke5 h4 56. Ra1 Kh5 57. Ke4 a4 58.
Kf3 g4+ 59. Kg2 Kg6 60. Rxa4 Kg5 61. Ra8 Kf5 62. Rf8+ Kg5 63. Rh8 g3 64. Kf3 g2
65. Kxg2 Kg4 66. Rg8+ Kh5 67. Kh3 Kh6 68. Kxh4 Kh7 69. Rg5 Kh6 70. Kg4 Kh7 71.
Kf5 Kh6 72. Kf6 Kh7 73. Kf7 Kh6 74. Rd5 Kh7 75. Rh5# 1-0

[Event "AUTO-OPEN-3762"]
[Site "http://www.queenalice.com/game.php?id=1503262"]
[Date "2017.11.12"]
[Round "3"]
[White "Edson_Vieira"]
[Black "muppyman"]
[Result "0-1"]
[WhiteElo "2419"]
[BlackElo "2260"]

1. e4 e6 2. d4 d5 3. Nc3 Bb4 4. Bd2 dxe4 5. Qg4 Nf6 6. Qxg7 Rg8 7. Qh6 Nc6 8.
O-O-O Rg6 9. Qf4 Qxd4 10. Nb5 e5 11. Nxc7+ Kf8 12. Qh4 Bxd2+ 13. Rxd2 Qa4 14. a3
Rb8 15. Ne2 Qa5 16. Nb5 Be6 17. h3 a6 18. Nd6 b5 19. g4 e3 20. fxe3 b4 21. a4
Qxa4 22. Kd1 Bd5 23. Rg1 Rd8 24. Rxd5 Nxd5 25. Ke1 Rdxd6 0-1

[Event "AUTO-MASTER-2548"]
[Site "http://www.queenalice.com/game.php?id=1517803"]
[Date "2018.2.28"]
[Round "2"]
[White "Edson_Vieira"]
[Black "Rutty"]
[Result "1-0"]
[WhiteElo "2415"]
[BlackElo "2120"]

1. Nf3 g6 2. d4 Bg7 3. g3 Nf6 4. c4 O-O 5. Bg2 d6 6. O-O c5 7. Nc3 e6 8. dxc5
dxc5 9. Be3 Qe7 10. Qc2 Nc6 11. Rad1 Bd7 12. Bg5 h6 13. Bxf6 Bxf6 14. Qd2 Bxc3
15. bxc3 Rad8 16. Qxh6 Qf6 17. Nd2 Qxc3 18. Ne4 Qg7 19. Qf4 f6 20. Nxc5 Bc8 21.
Bxc6 bxc6 22. Qe4 e5 23. Qxc6 Qf7 24. Rd5 Bg4 25. f3 Bf5 26. e4 Rxd5 27. cxd5
Bh3 28. Rb1 Rc8 29. Qd6 f5 30. Rb7 1-0

[Event "AUTO-MASTER-2548"]
[Site "http://www.queenalice.com/game.php?id=1517804"]
[Date "2018.2.28"]
[Round "2"]
[White "Rutty"]
[Black "Edson_Vieira"]
[Result "0-1"]
[WhiteElo "2110"]
[BlackElo "2417"]

1. e4 e5 2. Nf3 Nc6 3. Bb5 a6 4. Bxc6 dxc6 5. h3 Ne7 6. O-O Ng6 7. Nc3 Bc5 8. d3
O-O 9. Be3 Bd4 10. Bxd4 exd4 11. Ne2 c5 12. c3 dxc3 13. Nxc3 Nf4 14. Ne1 Qg5 15.
Ne2 Nxh3+ 16. Kh2 Nf4 17. Nxf4 Qxf4+ 18. Kh1 Re8 19. Qf3 Qh4+ 20. Kg1 b6 21. Nc2
Re5 22. Qg3 Qxg3 23. fxg3 Bg4 24. Rf2 Rd8 25. Ne1 Re7 26. Kf1 h5 27. Rc1 Rd4 28.
a3 a5 29. Rc3 Red7 30. Rf4 g5 31. Rf2 Kg7 32. Rfc2 f5 33. Nf3 Rxd3 34. exf5 Bxf5
35. Rxd3 Bxd3+ 0-1

[Event "AUTO-MASTER-2548"]
[Site "http://www.queenalice.com/game.php?id=1517805"]
[Date "2018.2.28"]
[Round "2"]
[White "Edson_Vieira"]
[Black "roserl"]
[Result "1-0"]
[WhiteElo "2413"]
[BlackElo "1948"]

1. e4 c5 2. Nf3 e6 3. d4 cxd4 4. Nxd4 Nf6 5. Bd3 Bc5 6. Nb3 Bb6 7. e5 Nd5 8. Qg4
g6 9. Qg3 Nc6 10. Na3 Bc7 11. Nc4 Nxe5 12. Nxe5 Qf6 13. f4 b6 14. Be4 Bb7 15. c4
Nb4 16. Bxb7 Rb8 17. Be4 Qe7 18. a3 Na6 19. O-O O-O 20. Nd4 Nc5 21. Bc2 1-0

[Event "AUTO-MASTER-2548"]
[Site "http://www.queenalice.com/game.php?id=1517806"]
[Date "2018.2.28"]
[Round "2"]
[White "roserl"]
[Black "Edson_Vieira"]
[Result "0-1"]
[WhiteElo "1982"]
[BlackElo "2424"]

1. e4 e5 2. Nf3 Nc6 3. Bb5 a6 4. Ba4 Bc5 5. c3 Qf6 6. O-O Nge7 7. d3 h6 8. Be3
Bxe3 9. fxe3 Qg6 10. Bb3 O-O 11. Nh4 Qg5 12. Nf5 Nxf5 13. Rxf5 Qxe3+ 14. Kh1 d6
15. Rf3 Qg5 16. h3 Qh4 17. Nd2 Bg4 18. Qg1 Bxf3 19. Nxf3 Qg3 20. Rd1 Na5 21. Bc2
f5 22. b4 fxe4 23. dxe4 Rxf3 24. gxf3 Qxh3+ 25. Qh2 Qxf3+ 26. Qg2 Qxg2+ 27. Kxg2
Nc6 28. Bb3+ Kh7 29. Kg3 Rf8 30. Bd5 Nd8 31. Rd2 c6 32. Bb3 h5 33. Rh2 Kh6 34.
Rd2 Rf6 35. c4 b6 36. Bd1 Rf4 0-1

[Event "Let's Play Chess!"]
[Site "http://www.queenalice.com/game.php?id=1529676"]
[Date "2018.6.4"]
[Round "-"]
[White "DAPONT"]
[Black "Edson_Vieira"]
[Result "0-1"]
[WhiteElo "2211"]
[BlackElo "2420"]

1. Nf3 d5 2. c4 e6 3. cxd5 exd5 4. g3 Nc6 5. Bg2 d4 6. d3 Nf6 7. O-O Bc5 8. Qc2
Bb6 9. Nbd2 O-O 10. Nc4 Nb4 11. Qd2 c5 12. a3 Nc6 13. b4 Re8 14. Nxb6 axb6 15.
Bb2 Bg4 16. Rfe1 Nd5 17. b5 Na5 18. Rab1 Nc7 19. Ba1 Qd7 20. a4 f6 21. Qc2 Nd5
22. Qd2 Bh3 23. Qa2 Bxg2 24. Kxg2 Re7 25. Nxd4 cxd4 26. Bxd4 Qe6 27. Qd2 Rd7 28.
h4 Ne7 29. Bc3 Qd5+ 30. Kg1 Nb3 31. Qf4 Nc5 32. a5 bxa5 33. b6 Qe6 34. Qc1 a4
35. Bb4 Nb3 36. Qa3 Nd4 37. Rb2 Nd5 38. Bd2 Rdd8 39. Kg2 Rdc8 40. Rc1 Qxe2 0-1

[Event "AUTO-OPEN-3939"]
[Site "http://www.queenalice.com/game.php?id=1529922"]
[Date "2018.6.5"]
[Round "1"]
[White "EdBrazil"]
[Black "Edson_Vieira"]
[Result "0-1"]
[WhiteElo "1554"]
[BlackElo "2408"]

1. d4 c5 2. e3 Nf6 3. Bd3 d5 4. b3 e6 5. f4 Nc6 6. Ba3 g6 7. dxc5 Bg7 8. Nf3 Ng4
9. c3 Nxe3 10. Qe2 Ng4 11. f5 e5 12. fxg6 fxg6 13. Bb5 O-O 14. Nbd2 e4 15. Nd4
Rf2 16. Qd1 Rxg2 17. Bxc6 Qh4+ 18. Kf1 Qf2# 0-1

[Event "AUTO-OPEN-3939"]
[Site "http://www.queenalice.com/game.php?id=1529923"]
[Date "2018.6.5"]
[Round "1"]
[White "Edson_Vieira"]
[Black "EdBrazil"]
[Result "1-0"]
[WhiteElo "2409"]
[BlackElo "1595"]

1. e4 e5 2. Nf3 d6 3. d4 Bg4 4. Be2 h6 5. dxe5 dxe5 6. Qxd8+ Kxd8 7. Nxe5 Be6 8.
O-O Nf6 9. Nc3 Nc6 10. Rd1+ Bd6 11. Nxc6+ bxc6 12. e5 Nd5 13. Nxd5 cxd5 14. exd6
cxd6 15. Bf3 Re8 16. Bf4 Kd7 17. Bxd5 Rab8 18. b3 Rb4 19. c4 Bg4 20. f3 Bh5 21.
Be4 Rb6 22. c5 Rb4 23. c6+ Kc8 24. Bf5+ Kb8 25. Bxd6+ Ka8 26. Bxb4 1-0

[Event "AUTO-OPEN-3939"]
[Site "http://www.queenalice.com/game.php?id=1529944"]
[Date "2018.6.5"]
[Round "1"]
[White "Edson_Vieira"]
[Black "favos"]
[Result "1-0"]
[WhiteElo "2410"]
[BlackElo "2004"]

1. e4 d5 2. exd5 Nf6 3. c4 Bf5 4. Qb3 Qc8 5. d4 Nbd7 6. Bf4 g6 7. Nc3 Bg7 8. Nb5
O-O 9. Nxc7 e5 10. dxe6 Bxe6 11. Nxa8 Re8 12. Be3 Ng4 13. Be2 Nxe3 14. fxe3 Bxd4
15. exd4 Bxc4 16. Qc3 Qc6 17. d5 Qxd5 18. Nc7 Qxg2 19. Nxe8 Kf8 20. Qh8+ Ke7 21.
Bxc4 Qxh1 22. O-O-O Qc6 23. Nd6 Nf6 24. Nc8+ 1-0

[Event "AUTO-OPEN-3939"]
[Site "http://www.queenalice.com/game.php?id=1529945"]
[Date "2018.6.5"]
[Round "1"]
[White "favos"]
[Black "Edson_Vieira"]
[Result "0-1"]
[WhiteElo "2002"]
[BlackElo "2414"]

1. Nf3 c5 2. d4 Nf6 3. c4 d5 4. Nc3 e6 5. Bg5 Be7 6. e3 Nc6 7. Bd3 cxd4 8. exd4
h6 9. Bh4 Qb6 10. Nb5 dxc4 11. Bxc4 a6 12. Bxf6 Bxf6 13. Nd6+ Ke7 14. Nxc8+
Raxc8 15. d5 Qb4+ 16. Nd2 exd5 17. Bb3 Bxb2 18. Rb1 Bc3 19. O-O Bxd2 20. Bxd5
Qd4 21. Rxb7+ Kd8 22. Qf3 Ne5 23. Qb3 Rf8 24. Rd1 Nd7 25. Qf3 Rc1 26. Bc6 Ne5
27. Rb8+ Kc7 28. Rb7+ Kd6 29. Qa3+ Kxc6 30. Qxa6+ Kd5 31. Rb5+ Ke4 32. Qb7+ Kf5
33. Qf3+ Kg6 34. Qg3+ Kh7 35. Rxc1 Bxc1 36. h3 Bf4 37. Qb3 Nd3 38. Qc2 Rc8 0-1

[Event "AUTO-OPEN-3939"]
[Site "http://www.queenalice.com/game.php?id=1529946"]
[Date "2018.6.5"]
[Round "1"]
[White "Edson_Vieira"]
[Black "jiba45"]
[Result "1/2-1/2"]
[WhiteElo "2416"]
[BlackElo "2475"]

1. d4 Nf6 2. c4 e6 3. g3 d5 4. Nf3 Bb4+ 5. Nbd2 dxc4 6. Bg2 b5 7. O-O O-O 8. a4
c6 9. Qc2 Bb7 10. b3 c5 11. bxc4 bxa4 12. Rxa4 a5 13. dxc5 Nbd7 14. Bb2 Nxc5 15.
Ra2 Nfe4 16. Nxe4 Bxe4 17. Qc1 f6 18. Qe3 e5 19. Ne1 Bxg2 20. Kxg2 Qc8 21. Nd3
Qc6+ 22. f3 Nxd3 23. Qxd3 Rfd8 24. Qb3 Rab8 25. Bc1 Qe6 26. Rc2 e4 27. Qe3 exf3+
28. exf3 Qf5 29. Re2 a4 30. Ra2 Ra8 31. Qe2 Qd3 32. Qe6+ Kf8 33. Bf4 Rac8 34.
Rc1 a3 35. c5 Rxc5 36. Rxc5 Bxc5 37. Rd2 Qxd2+ 38. Bxd2 Rxd2+ 39. Kh3 a2 40.
Qc8+ Kf7 41. Qb7+ Be7 42. Qb3+ Kg6 43. Qa4 f5 44. g4 h6 45. Qf4 Bf6 46. gxf5+
Kh7 47. Qxd2 a1=Q 48. Qg2 Qe1 49. Qg4 Qf1+ 50. Kg3 Be5+ 51. f4 Qe1+ 52. Kf3 Bf6
53. Kg2 Qe4+ 54. Kg3 Kg8 55. h3 Qd3+ 56. Kh2 Qc2+ 57. Kg3 1/2-1/2

[Event "AUTO-OPEN-3939"]
[Site "http://www.queenalice.com/game.php?id=1529947"]
[Date "2018.6.5"]
[Round "1"]
[White "jiba45"]
[Black "Edson_Vieira"]
[Result "1/2-1/2"]
[WhiteElo "2466"]
[BlackElo "2415"]

1. d4 Nf6 2. c4 e6 3. Nf3 d5 4. g3 Be7 5. Bg2 O-O 6. O-O dxc4 7. Ne5 c5 8. dxc5
Qc7 9. Nxc4 Rd8 10. Qc2 Qxc5 11. b3 Nc6 12. Ba3 Nb4 13. Qc1 Qh5 14. Nc3 e5 15.
h4 h6 16. Bf3 Qf5 17. Ne3 Qe6 18. Rd1 Rd4 19. Qb2 Bc5 20. Bxb4 Bxb4 21. Nb5
Rxd1+ 22. Rxd1 Qe7 23. Nc3 Be6 24. Ncd5 Bxd5 25. Nxd5 Nxd5 26. Bxd5 Rd8 27. Qc2
Ba5 28. Qe4 b5 29. Rd3 Rd6 30. f4 Rd8 31. fxe5 Kh8 32. Kg2 Re8 33. e6 fxe6 34.
Bc6 Rf8 35. Rf3 Rxf3 36. exf3 b4 37. Bd5 e5 38. Bc4 Bc7 39. Bd3 Kg8 40. Qh7+ Kf8
41. Bc4 Qf6 42. Qg8+ Ke7 43. Bb5 Qf7 44. Qc8 Bb6 1/2-1/2

[Event "TheHDProduce"]
[Site "http://www.queenalice.com/game.php?id=1531665"]
[Date "2018.6.18"]
[Round "-"]
[White "Edson_Vieira"]
[Black "zubarev"]
[Result "1-0"]
[WhiteElo "2412"]
[BlackElo "1747"]

1. e4 e5 2. Nf3 Nc6 3. Bc4 d6 4. Nc3 Be6 5. Bxe6 fxe6 6. d3 Be7 7. Be3 Nf6 8. h3
O-O 9. Ne2 d5 10. Ng5 d4 11. Nxe6 Qd6 12. Nxf8 dxe3 13. Nxh7 exf2+ 14. Kxf2 Nxh7
15. c3 Rf8+ 16. Ke1 Bh4+ 17. g3 Bf6 18. h4 Rd8 19. Nc1 Ne7 20. Qb3+ Kh8 21. Qxb7
Nc6 22. b4 Rb8 23. Qa6 Nf8 24. Rf1 Nd7 25. Rf5 Rb6 26. Rh5+ Kg8 27. Qc4+ Kf8 28.
Rh8+ Ke7 29. g4 g6 30. Rh7+ Kd8 31. h5 Bh4+ 32. Ke2 Kc8 33. hxg6 Qxg6 34. Rxh4
Nf6 35. Nb3 Qg5 36. Rah1 Nxg4 37. Rh8+ Kb7 38. Nc5# 1-0

[Event "Dancing the dream"]
[Site "http://www.queenalice.com/game.php?id=1531666"]
[Date "2018.6.18"]
[Round "-"]
[White "zubarev"]
[Black "Edson_Vieira"]
[Result "0-1"]
[WhiteElo "1746"]
[BlackElo "2411"]

1. a3 d5 2. d4 g6 3. Nc3 Bg7 4. Nf3 Nc6 5. e3 e6 6. Bd2 Bd7 7. Bb5 a6 8. Ba4 b5
9. Bb3 Na5 10. Ba2 Rc8 11. Nxd5 Nc4 12. Nc3 Nxb2 13. Qc1 Nc4 14. O-O Nxd2 15.
Qxd2 a5 16. Ne5 c5 17. Ne4 Qc7 18. Nxd7 Qxd7 19. Rad1 cxd4 20. exd4 Ne7 21. Nc5
Qc7 22. Rc1 Nf5 23. c3 O-O 24. Ne4 e5 25. d5 Bh6 26. d6 Bxd2 27. dxc7 Bxc1 28.
Rxc1 Rxc7 29. g4 Nd4 30. Nf6+ Kg7 31. Ne4 Ne2+ 0-1